Konsep asas sosiologi / (Record no. 1390)

000 -LEADER
fixed length control field nam a22 a 4500
003 - CONTROL NUMBER IDENTIFIER
control field AKMAL
005 - DATE AND TIME OF LATEST TRANSACTION
control field 20170509124036.0
008 - FIXED-LENGTH DATA ELEMENTS--GENERAL INFORMATION
fixed length control field 170509 1979 M 000 may d
020 ## - INTERNATIONAL STANDARD BOOK NUMBER
Terms of availability Kkt:
040 ## - CATALOGING SOURCE
Original cataloging agency AKMAL
082 04 - DEWEY DECIMAL CLASSIFICATION NUMBER
Classification number 301 TIN
090 20 - LOCALLY ASSIGNED LC-TYPE CALL NUMBER (OCLC); LOCAL CALL NUMBER (RLIN)
Classification number (OCLC) (R) ; Classification number, CALL (RLIN) (NR) 301
Local cutter number (OCLC) ; Book number/undivided call number, CALL (RLIN) TIN
100 1# - MAIN ENTRY--PERSONAL NAME
Personal name Ting, Chew Peh,
Dates associated with a name 1934-
9 (RLIN) 2732
245 10 - TITLE STATEMENT
Title Konsep asas sosiologi /
Statement of responsibility, etc. Ting Chew Peh.
260 ## - PUBLICATION, DISTRIBUTION, ETC.
Place of publication, distribution, etc. Kuala Lumpur :
Name of publisher, distributor, etc. Dewan Bahasa dan Pustaka,
Date of publication, distribution, etc. 1979.
300 00 - PHYSICAL DESCRIPTION
Extent xiii, 124ms. ;
Dimensions 22cm.
500 ## - GENERAL NOTE
General note Bibliografi: ms.117-124
942 ## - ADDED ENTRY ELEMENTS (KOHA)
Source of classification or shelving scheme
Koha item type Book
Holdings
Withdrawn status Lost status Source of classification or shelving scheme Damaged status Not for loan Collection code Home library Current library Shelving location Date acquired Inventory number Total Checkouts Full call number Barcode Date last seen Price effective from Koha item type
          NON-FICTION AKMAL Melaka AKMAL Melaka PINJAMAN 09.05.2017 302212   301 TIN 201702633 09.05.2017 09.05.2017 Book
Pusat Sumber Maklumat Dato' Haji Sarmin Md Hussin, Akademi Kastam Diraja Malaysia, Melaka
Tel: 06-2331106 | Faks: 06-2313787